000 01310nam a2200337 i 4500
001 000016288
003 DO-SdBNP
005 20260114132356.0
007 ta
008 100303s1979 dr a 001 0 spa d
040 _aDO-SdBNP
_bspa
_cBNPHU
_erda
041 _aspa
049 _aBNPD
082 4 _axxx
_bF438e
_222
100 1 _aFiallo Billini, José Antinoe
_d1944-
_eautor
_4aut.
_910159
245 1 0 _aEducar para el socialismo /
_cJosé Antinoe Fiallo Billini ; edicción, Eridania Mir
264 4 _aSanto Domingo, Distrito Nacional :
_bEditora de la UASD,
_c©1979.
300 _a227 páginas :
_bilustraciones ;
_c21 cm.
336 _atexto
_btxt
_2rdacontent
337 _asin mediación
_bn
_2rdamedia
338 _avolumen
_bnc
_2rdacarrier
490 1 _aPublicaciones de la Universidad Autónoma de Santo Domingo
490 1 _aColección Educación y Sociedad
_v9
500 _aIncluye referencias bibliográficas y notas al pie de las páginas
500 _aIncluye datos biográficos del autor en la contracubierta
504 _aBibliografía : páginas 217-219
590 _aInventariado, 2026/BT
700 1 _aMir, Eridania,
_eeditor
_4ed.
_910197
830 0 _aPublicaciones de la Universidad Autónoma de Santo Domingo
_n9
_pColección Educación y Sociedad
_988873
942 _2ddc
_cLBS1
999 _c15823
_d15823